| 000 | 01596cam a2200385 a 4500 | ||
|---|---|---|---|
| 999 |
_c14360 _d14360 |
||
| 001 | 16328657 | ||
| 003 | NUST | ||
| 005 | 20191004201356.0 | ||
| 008 | 100712s2011 nyu 000 1 eng | ||
| 010 | _a 2010029229 | ||
| 020 | _a0062049801 (hbk.) | ||
| 020 | _a9780062049803 (hbk.) | ||
| 020 | _a006204981X (pbk.) | ||
| 020 | _a9780062049810 (pbk.) | ||
| 020 | _z9780062047413 (international ed.) | ||
| 035 | _a(OCoLC)ocn649701863 | ||
| 038 | _aIbrahim | ||
| 040 |
_aDLC _cDLC _dIG# _dYDXCP _dUPZ _dNVQ _dMLY _dMTG _dSLV _dFN4 _dCDX _dBWX _dIXA _dRCJ _dDLC |
||
| 043 | _asa----- | ||
| 050 | 0 | 0 |
_aPS3566.A7756 _bS76 2011 |
| 082 | 0 | 0 |
_a813/.54 _222 |
| 100 | 1 |
_aPatchett, Ann. _922918 |
|
| 245 | 1 | 0 |
_aState of wonder / _cAnn Patchett. |
| 250 | _a1st ed. | ||
| 260 |
_aNew York : _bHarper, _cc2011. |
||
| 300 |
_a353 p. ; _c24 cm. |
||
| 520 | _aA researcher at a pharmaceutical company, Marina Singh journeys into the heart of the Amazonian delta to check on a field team that has been silent for two years--a dangerous assignment that forces Marina to confront the ghosts of her past. | ||
| 650 | 0 |
_aScientists _vFiction. _911515 |
|
| 650 | 0 |
_aMedicine _xResearch _vFiction. _922919 |
|
| 650 | 0 |
_aJungles _zAmazon River Region _vFiction. _922920 |
|
| 655 | 7 |
_aAdventure fiction. _2gsafd _95620 |
|
| 906 |
_a7 _bcbc _corignew _d1 _eecip _f20 _gy-gencatlg |
||
| 942 |
_2ddc _cBK |
||